Normal view MARC view
  • RAZVI, S. M. MUJTABA DR

Entry Personal Name

Number of records used in: 1

001 - CONTROL NUMBER

  • control field: 63872

003 - CONTROL NUMBER IDENTIFIER

  • control field: NUST

005 - DATE AND TIME OF LATEST TRANSACTION

  • control field: 20210628203205.0

008 - FIXED-LENGTH DATA ELEMENTS

  • fixed length control field: 210628|| aca||aabn | a|a d

040 ## - CATALOGING SOURCE

  • Original cataloging agency: NUST
  • Transcribing agency: NUST

100 ## - HEADING--PERSONAL NAME

  • Personal name: RAZVI, S. M. MUJTABA DR

670 ## - SOURCE DATA FOUND

  • Source citation: Work cat.: (NUST): RAZVI, S. M. MUJTABA DR, FRONTIERS OF PAKISTAN A STUDY OF FRONTIER PROBLEMS IN PAKISTAN FOREIGN POLICY, 1971
© 2023 Central Library, National University of Sciences and Technology. All Rights Reserved.